Types of First-Level Subdivisions - Statistics

General Stats
  • This quiz has been taken 43 times
  • The average score is 12 of 41
Answer Stats
Countries Subdivision Type % Correct
Australia, India, United States... State
97%
Canada, China, Indonesia... Province
81%
Hungary, Sweden, Taiwan... County
68%
China, France, Ukraine... Region
65%
Comoros, Mauritius, Trinidad and Tobago... Island
62%
Brazil, Colombia, Mexico... District
59%
Luxembourg, Switzerland Canton
57%
Canada, France, India... Territory
57%
Argentina, Ethiopia, Russia... City
54%
Denmark, Netherlands, United Kingdom... Country
51%
Azerbaijan, Georgia, Russia Republic
51%
United Arab Emirates Emirate
43%
Andorra, Barbados, Jamaica... Parish
43%
Benin, Bolivia, Colombia... Department
41%
CAR, Japan, Laos Prefecture
41%
Egypt, Jordan, Tunisia... Governorate
27%
Philippines, Russia, Tajikistan Autonomous Region
24%
China, Cuba, Taiwan... Municipality
24%
Botswana Town
24%
Australia Overseas Territory
22%
Maldives Atoll
19%
Monaco Ward
19%
Russia, South Sudan, Thailand... Area
16%
Fiji, Grenada, United Kingdom... Dependency
16%
Bangladesh, Bosnia, Myanmar... Division
16%
Spain Community
14%
Singapore Council
14%
North Korea Special City
14%
France Collectivity
11%
Botswana Township
11%
Moldova Unit
11%
Greece Administration
8%
Guinea-Bissau Sector
8%
China Special Region
8%
Russia Autonomous Republic
5%
Myanmar Zone
5%
Ireland City-County
3%
North Korea Direct-administered City
3%
North Korea Special-level City
3%
France Sui Generis Collectivity
3%
New Zealand Association
0%
No matching quizzes found
Score Distribution
Percent of People with Each Score
Percentile by Number Answered
Your Score History
You have not taken this quiz